000
00304nam a2200157Ia 4500
100
_a
David Robin
942
_c
BK
366
_f
17.5
654
_a
fear
245
_a
City of Fear
260
_b
Penquin books
_c
2007
082
_a
302.17/DAV
_b
DAV
300
_a
319
546
_a
ENGLISH
999
_c
17785
_d
17785